CeÌzanne : (Record no. 353388)
[ view plain ]
| 000 -LEADER | |
|---|---|
| fixed length control field | 00719 a2200229 4500 |
| 003 - CONTROL NUMBER IDENTIFIER | |
| control field | OSt |
| 005 - DATE AND TIME OF LATEST TRANSACTION | |
| control field | 20180116192406.0 |
| 008 - FIXED-LENGTH DATA ELEMENTS--GENERAL INFORMATION | |
| fixed length control field | 120615t xxu||||| |||| 00| 0 eng d |
| 020 ## - INTERNATIONAL STANDARD BOOK NUMBER | |
| International Standard Book Number | 0500300372 |
| 020 ## - INTERNATIONAL STANDARD BOOK NUMBER | |
| International Standard Book Number | 9780500300374 |
| 040 ## - CATALOGING SOURCE | |
| Transcribing agency | 0 |
| 082 ## - DEWEY DECIMAL CLASSIFICATION NUMBER | |
| Classification number | 759.4 |
| 100 ## - MAIN ENTRY--PERSONAL NAME | |
| Personal name | Hoog, Michel. |
| 9 (RLIN) | 4645 |
| 245 10 - TITLE STATEMENT | |
| Title | CeÌzanne : |
| Remainder of title | the first modern painter / |
| Statement of responsibility, etc. | Michel Hoog. |
| 260 ## - PUBLICATION, DISTRIBUTION, ETC. | |
| Place of publication, distribution, etc. | London : |
| Name of publisher, distributor, etc. | Thames and Hudson, |
| Date of publication, distribution, etc. | 1994. |
| 300 ## - PHYSICAL DESCRIPTION | |
| Extent | 175p. : |
| Other physical details | ill., ports. ; |
| Dimensions | 18cm. |
| 500 ## - GENERAL NOTE | |
| General note | Bibliography: 168p. - Includes index. |
| 600 14 - SUBJECT ADDED ENTRY--PERSONAL NAME | |
| Personal name | CeÌzanne, Paul, |
| Dates associated with a name | 1839-1906. |
| 9 (RLIN) | 4646 |
| 650 10 - SUBJECT ADDED ENTRY--TOPICAL TERM | |
| Topical term or geographic name entry element | Paintings |
| Geographic subdivision | France |
| 9 (RLIN) | 4647 |
| 942 ## - ADDED ENTRY ELEMENTS (KOHA) | |
| Institution code [OBSOLETE] | SADA |
| Koha item type | Book |
| Call number prefix | 759.4 HOO 1994 |
| Source of classification or shelving scheme | |
| 952 ## - LOCATION AND ITEM INFORMATION (KOHA) | |
| -- | BOOK |
| Withdrawn status | Lost status | Source of classification or shelving scheme | Damaged status | Not for loan | Permanent Location | Current Location | Date acquired | Total Checkouts | Total Renewals | Full call number | Barcode | Date last seen | Date last checked out | Cost, replacement price | Price effective from | Koha item type |
|---|---|---|---|---|---|---|---|---|---|---|---|---|---|---|---|---|
| School of Art Design and Architecture (SADA) | School of Art Design and Architecture (SADA) | 06/27/2011 | 2 | 1 | 759.4 HOO 1994 | SADA0001338 | 01/03/2024 | 12/13/2023 | 1121.00 | 08/05/2011 | Book |
